Estadísticas para Los Contornos de Ciudades

Haz click aquí para intentar la prueba.

Estadísticas generales

  • Esta prueba ha sido intentada 30 veces
  • La puntuación promedio es 3 de 12

Estadísticas de respuestas

Respuesta% Correcto
París
67%
Washington, DC
52%
Chicago
48%
Ámsterdam
43%
Estambul
33%
Miami
29%
Shanghái
24%
Tokio
24%
Ciudad del Cabo
10%
Doha
10%
Dakar
5%
Rio de Janeiro
5%

Distribución de puntuación

Porcentaje por número respondido

Porcentaje de gente con cada puntuación

Historial de tus puntuaciones

No has intentado esta prueba.